Países con 'I' - Estadísticas

Estadísticas generales
  • Esta prueba ha sido intentada 28 veces
    26 desde el último reinicio
  • La puntuación promedio es 8 de 12
Estadísticas de respuestas
País % Correcto
India
95%
Islandia
89%
Italia
84%
Indonesia
79%
Irlanda
79%
Islas Marshall
79%
Islas Salomón
74%
Irak
68%
Irán
68%
Israel
63%
Irlanda del Norte
16%
Islas Feroe
16%
No se encontraron pruebas coincidentes
Distribución de puntuación
Porcentaje de gente con cada puntuación
Porcentaje por número respondido
Historial de tus puntuaciones
No has intentado esta prueba desde el último reinicio